| 000 | 00987cam a22002294a 4500 | ||
|---|---|---|---|
| 001 | 12825269 | ||
| 005 | 20241122125544.0 | ||
| 008 | 020620s2003 caua 000 0 eng | ||
| 020 | _a9780534391805 | ||
| 050 | 0 | 0 |
_aQA453 _b.T83 2003 |
| 082 | 0 | 0 |
_a516 _222 |
| 100 | 1 |
_aTussy, Alan S., _d1951- |
|
| 245 | 1 | 0 |
_aBasic geometry for college students / _cAlan S. Tussy, R. David Gustafson. _ban overview of the fundamental concepts of geometry |
| 260 |
_aPacific Grove, CA : _bThomson-Brooks/Cole, _cc2003. |
||
| 300 |
_av, 132, 10 p. : _bill. (some col.) ; _c28 cm. |
||
| 650 | 0 | _aGeometry. | |
| 700 | 1 |
_aGustafson, R. David _q(Roy David), _d1936- |
|
| 856 | 4 | 2 |
_3Publisher description _uhttp://www.loc.gov/catdir/enhancements/fy1215/2002108818-d.html |
| 856 | 4 | 1 |
_3Table of contents only _uhttp://www.loc.gov/catdir/enhancements/fy1215/2002108818-t.html |
| 856 | 4 | 2 |
_3Contributor biographical information _uhttp://www.loc.gov/catdir/enhancements/fy1303/2002108818-b.html |
| 942 |
_2lcc _cBK _n0 |
||
| 999 |
_c1429 _d1429 |
||